[Event "ch-ROU 2017"]
[Site "masterchessopen.com Calimanesti-Caciulata ROU"]
[Date "2017.03.26"]
[Round "2.14"]
[White "Tufa,M"]
[Black "Anton,T"]
[Result "0-1"]
[WhiteElo "1983"]
[BlackElo "2412"]

1.e4 c5 2.c3 Nf6 3.e5 Nd5 4.d4 cxd4 5.Nf3 e6 6.cxd4 Nc6 7.Nc3 Nxc3 8.bxc3 d6
9.exd6 Bxd6 10.Bd3 Ne7 11.O-O Bd7 12.Re1 Qc7 13.Qb3 Rc8 14.Bd2 O-O 15.Ne5 Bc6
16.g3 Bd5 17.Qc2 Bxe5 18.Rxe5 Ng6 19.Re3 f5 20.f4 Rfd8 21.Rc1 b5 22.Bxb5 Ba8
23.Qb3 Nf8 24.Be2 Rb8 25.Qa3 Nd7 26.Bf3 Nb6 27.Qa5 Bxf3 28.Rxf3 Qc6 29.Rf2 Nc4
30.Qxa7 Rb7 31.Qc5 Qxc5 32.dxc5 Nxd2 {#R} 0-1

[Event "ch-ROU 2017"]
[Site "masterchessopen.com Calimanesti-Caciulata ROU"]
[Date "2017.03.26"]
[Round "2.15"]
[White "Calinoiu,C"]
[Black "David,Alexandru"]
[Result "0-1"]
[WhiteElo "1653"]
[BlackElo "2379"]

1.d4 Nf6 2.Nf3 g6 3.c4 Bg7 4.Nc3 d5 5.e3 O-O 6.Be2 c5 7.dxc5 Qa5 8.O-O dxc4
9.Bxc4 Qxc5 10.Be2 Nc6 11.a3 Bf5 12.Qa4 a6 13.e4 b5 14.Qc2 Bxe4 15.Bd3 Bxf3
16.gxf3 Nd4 17.Qd1 Qh5 18.Kg2 Rad8 19.Be3 Nf5 20.Qe2 Rxd3 21.Qxd3 Nh4+ 22.Kg3
Qxf3+ {#R} 0-1

[Event "ch-ROU 2017"]
[Site "masterchessopen.com Calimanesti-Caciulata ROU"]
[Date "2017.03.26"]
[Round "2.17"]
[White "Dobre,ClC"]
[Black "Anuta,L"]
[Result "1-0"]
[WhiteElo "2387"]
[BlackElo "1968"]

1.c4 d6 2.Nc3 Nf6 3.Nf3 c6 4.e4 Bg4 5.d4 Nbd7 6.Be2 e5 7.Be3 Be7 8.O-O O-O
9.Qc2 Qc7 10.Rac1 a6 11.Rfd1 Rac8 12.Nh4 Bxe2 13.Qxe2 g6 14.g3 Ne8 15.Nf3 Ng7
16.Bh6 Rfe8 17.d5 c5 18.Ng5 Bxg5 19.Bxg5 f6 20.Bh6 Nf8 21.Qg4 Qd7 22.h3 Re7
23.Rd3 Qxg4 24.hxg4 Rf7 25.f4 Nd7 26.Rc2 exf4 27.gxf4 g5 28.e5 fxe5 29.f5 Nf6
30.Rg3 Nge8 31.Rcg2 b5 32.b3 b4 33.Nd1 Ne4 34.Re3 Rf6 35.Rh2 Rxh6 36.Rxh6 N8f6
37.Rh2 Nc3 38.Nxc3 Nxg4 39.Rg3 Nxh2 40.Ne4 Nf3+ 41.Rxf3 Rd8 42.Nxg5 {#r} 1-0

[Event "ch-ROU 2017"]
[Site "masterchessopen.com Calimanesti-Caciulata ROU"]
[Date "2017.03.26"]
[Round "2.18"]
[White "Dolana,A"]
[Black "Raduica,R"]
[Result "1-0"]
[WhiteElo "2310"]
[BlackElo "1946"]

1.d4 Nf6 2.c4 e6 3.Nc3 Bb4 4.Qc2 d5 5.cxd5 exd5 6.Bg5 Qd6 7.e3 c6 8.a3 Bxc3+
9.bxc3 Ne4 10.Bf4 Qg6 11.f3 Nf6 12.Bd3 Qh5 13.h4 O-O 14.Ne2 {#r} 1-0

[Event "ch-ROU 2017"]
[Site "masterchessopen.com Calimanesti-Caciulata ROU"]
[Date "2017.03.26"]
[Round "2.19"]
[White "Martian,D"]
[Black "Sandor,Tamas"]
[Result "1-0"]
[WhiteElo "2275"]
[BlackElo "2026"]

1.e4 c5 2.c3 Nf6 3.e5 Nd5 4.d4 cxd4 5.Nf3 e6 6.cxd4 d6 7.Bc4 Nb6 8.Bd3 dxe5
9.dxe5 Na6 10.Qe2 Nc5 11.Bc2 Nd5 12.O-O Bd7 13.Ng5 Be7 14.Qh5 g6 15.Qg4 a5
16.a3 Rc8 17.h4 Bb5 18.Rd1 Bd3 19.Qf3 Bxc2 20.Qxf7+ Kd7 21.Nxe6 Bxd1 22.Nxd8
Rhxd8 23.Qxd5+ Kc7 24.Qf7 Rd7 25.Nc3 Bb3 26.Qxh7 Bf6 27.Qxg6 Bxe5 28.Be3 Rg8
29.Qh6 Ne6 30.Qh5 Bxc3 31.bxc3 Bd5 32.Qe5+ Kc8 33.Bg5 Nxg5 34.hxg5 Bc6 35.Qxa5
Rg6 36.Re1 Rdg7 37.f4 Rf7 38.Qe5 Rh7 39.Qf5+ {#r} 1-0

[Event "ch-ROU 2017"]
[Site "masterchessopen.com Calimanesti-Caciulata ROU"]
[Date "2017.03.26"]
[Round "2.20"]
[White "Hanga,W"]
[Black "Ciorgovean,Iustin"]
[Result "0-1"]
[WhiteElo "1951"]
[BlackElo "2070"]

1.e4 c5 2.Nf3 e6 3.d3 Nc6 4.g3 g6 5.Bg2 Bg7 6.O-O Nge7 7.Re1 d6 8.c3 O-O 9.Be3
e5 10.Qc1 b6 11.Rd1 Bb7 12.d4 Qc7 13.d5 Nd8 14.c4 f5 15.Nc3 Nf7 16.Ng5 Nxg5
17.Bxg5 Rf7 18.Bh3 Raf8 19.Rf1 Kh8 20.Bh6 Bc8 21.Bxg7+ Kxg7 22.Qc2 f4 23.Bxc8
Qxc8 24.gxf4 Qg4+ 25.Kh1 Qf3+ 26.Kg1 Rxf4 27.Ne2 Qxe4 28.Qxe4 Rxe4 29.Rae1
Rxc4 30.f4 Re4 31.fxe5 Rxf1+ 32.Kxf1 Rxe5 33.Nc3 Rxe1+ 34.Kxe1 Kf6 35.Nb5 Nc8
36.Nc7 Ke5 37.Ne8 Kxd5 {#R} 0-1

[Event "ch-ROU 2017"]
[Site "masterchessopen.com Calimanesti-Caciulata ROU"]
[Date "2017.03.26"]
[Round "2.23"]
[White "Ghimpu,Samuel-Timotei"]
[Black "Besciu,V"]
[Result "1-0"]
[WhiteElo "2007"]
[BlackElo "2140"]

1.e4 c5 2.Ne2 Nc6 3.c4 e5 4.g3 g6 5.Bg2 Bg7 6.O-O Nge7 7.Nbc3 O-O 8.d3 d6
9.Be3 Be6 10.f4 Qd7 11.Qd2 Bh3 12.Nd5 Bxg2 13.Kxg2 Nxd5 14.cxd5 Nd4 15.Bxd4
exd4 16.f5 Qe7 17.Rac1 Be5 18.a4 a5 19.Ng1 Kg7 20.Nf3 f6 21.fxg6 hxg6 22.h4 b6
23.Rf2 Qd7 24.Qc2 Qg4 25.Nxe5 dxe5 26.Re1 Qd7 27.Qc4 Rae8 28.Qb3 Qd6 29.Ref1
Qe7 30.h5 g5 31.Qd1 Qd7 32.h6+ Kg6 33.Rh1 Kh7 34.Rf5 Rf7 35.Rhf1 Kg6 36.b3 Rh8
37.Qg4 Qe7 38.Rh1 Rxh6 39.Rxh6+ Kxh6 40.Rf1 Kg7 41.Rh1 Qd7 42.Qh5 Kf8 43.Qh8+
Ke7 44.Qb8 c4 45.Rh8 cxb3 46.d6+ Ke6 47.Re8+ {#r} 1-0

[Event "ch-ROU 2017"]
[Site "masterchessopen.com Calimanesti-Caciulata ROU"]
[Date "2017.03.26"]
[Round "2.24"]
[White "Raducanu,A"]
[Black "Maier,Mari2"]
[Result "1-0"]
[WhiteElo "2132"]
[BlackElo "1991"]

1.Nf3 d5 2.c4 e6 3.g3 Nf6 4.Bg2 c5 5.O-O Nc6 6.cxd5 exd5 7.d4 Be6 8.Nc3 h6
9.Qa4 Qd7 10.Ne5 Nxe5 11.dxe5 Qxa4 12.Nxa4 Nd7 13.f4 g6 14.Rd1 Rd8 15.Nc3 Nb6
16.Nb5 a6 17.Nc7+ Ke7 18.b4 cxb4 19.Be3 Na4 20.Nxd5+ Bxd5 21.Rxd5 Rxd5 22.Bxd5
b5 23.Bb7 a5 24.Rd1 Bg7 25.Bc6 Nc3 26.Bc5+ Ke6 27.Bd7# 1-0

[Event "ch-ROU 2017"]
[Site "masterchessopen.com Calimanesti-Caciulata ROU"]
[Date "2017.03.26"]
[Round "2.25"]
[White "Isfan,Ioan-Marius"]
[Black "Ognean,Mihnea-Ionut"]
[Result "1-0"]
[WhiteElo "1955"]
[BlackElo "2128"]

1.d4 Nf6 2.Nf3 e6 3.c4 c5 4.d5 exd5 5.cxd5 d6 6.Nc3 g6 7.Nd2 Bg7 8.e4 O-O
9.Be2 Re8 10.O-O Na6 11.Re1 Nc7 12.Bf1 b6 13.a4 Ba6 14.Bb5 Bxb5 15.axb5 a6
16.bxa6 b5 17.Ra2 b4 18.Na4 Rxa6 19.b3 Qa8 20.Bb2 Nd7 21.Bxg7 Kxg7 22.Nc4 Nb5
23.Nab6 Rxa2 24.Nxa8 Rexa8 25.f4 Nd4 26.e5 Rc2 27.Qg4 Nf8 28.Qg5 Raa2 29.Ne3
Rd2 30.Rf1 h6 31.Qf6+ Kg8 32.f5 Nxf5 33.e6 fxe6 34.dxe6 Ra7 35.Nxf5 gxf5 36.e7
{#r} 1-0

[Event "ch-ROU 2017"]
[Site "masterchessopen.com Calimanesti-Caciulata ROU"]
[Date "2017.03.26"]
[Round "2.31"]
[White "Olinici,Emanuel"]
[Black "Oprisoni,G"]
[Result "1-0"]
[WhiteElo "2069"]
[BlackElo "1882"]

1.d4 c6 2.Nf3 Na6 3.g3 Nf6 4.Bg2 g6 5.O-O Bg7 6.c4 d5 7.cxd5 cxd5 8.Nc3 O-O
9.Ne5 Nc7 10.Qb3 e6 11.Bf4 Nh5 12.Be3 Nf6 13.a4 Nd7 14.Nxd7 Qxd7 15.Rfc1 Ne8
16.Qa3 a6 17.a5 Nd6 18.Na4 Nb5 19.Qb4 Rb8 20.Bf4 Nxd4 21.Bxb8 Nxe2+ 22.Kh1
Nxc1 23.Rxc1 Qb5 24.Qxb5 axb5 25.Nb6 Bd7 26.Nxd7 Rd8 27.Bd6 Bxb2 28.Rc7 {#r}
1-0

[Event "ch-ROU 2017"]
[Site "masterchessopen.com Calimanesti-Caciulata ROU"]
[Date "2017.03.26"]
[Round "2.33"]
[White "Vasiliu,Cosmin"]
[Black "Secrieru,Andrei-Cristian"]
[Result "0-1"]
[WhiteElo "2052"]
[BlackElo "1822"]

1.d4 d5 2.Nf3 Nf6 3.e3 e6 4.b3 Be7 5.Bd3 b6 6.O-O O-O 7.Qe2 Bb7 8.Ne5 c5 9.c3
Nc6 10.f4 Ne4 11.Rf3 f6 12.Nxc6 Bxc6 13.Rh3 f5 14.Bxe4 dxe4 15.Qh5 h6 16.Nd2
Bf6 17.Bb2 b5 18.Rd1 Qa5 19.a3 cxd4 20.exd4 Qc7 21.Rf1 Rad8 22.Rf2 a5 23.Qe2
b4 24.Qc4 Qd7 25.cxb4 Bb5 26.Qc3 Rc8 27.Nc4 axb4 28.axb4 Qd5 29.Re2 Rfd8
30.Kf2 Bxd4+ 31.Qxd4 Qxd4+ 32.Bxd4 Rxd4 33.Rc3 g5 34.g3 Rcd8 35.Ra2 R8d7
36.Na3 Ba6 37.b5 Bb7 38.Nc4 R7d5 39.b6 Rd7 40.Ra7 gxf4 41.gxf4 Rg7 42.Na5 e3+
43.Rxe3 Rg2+ 44.Kf1 Rd1+ 45.Re1 Rdd2 46.Rxe6 Rxh2 47.Re8+ Kf7 48.Rxb7+ Kxe8
49.Kg1 Rdg2+ 50.Kf1 Rc2 {#R} 0-1

[Event "ch-ROU 2017"]
[Site "masterchessopen.com Calimanesti-Caciulata ROU"]
[Date "2017.03.26"]
[Round "2.34"]
[White "Ion,Dragos-Cosmin"]
[Black "David,Aurelian-Corneliu"]
[Result "0-1"]
[WhiteElo "1810"]
[BlackElo "2051"]

1.e4 c5 2.Nc3 e6 3.f4 a6 4.Nf3 Qc7 5.d3 Nc6 6.g3 b5 7.Bg2 Bb7 8.Be3 Be7 9.O-O
Nf6 10.h3 d5 11.e5 Nd7 12.Bf2 Nb6 13.Ne2 O-O-O 14.d4 h5 15.c3 c4 16.b3 b4
17.Be1 a5 18.Ng5 Rdf8 19.Bd2 g6 20.Kh1 Kd7 21.Bc1 f5 22.exf6 Bxf6 23.Nf3 Ne7
24.a3 bxc3 25.Nxc3 Nf5 26.Ne2 Ba6 27.Ne5+ Bxe5 28.dxe5 cxb3 29.Kh2 a4 30.Nd4
Bxf1 31.Bxf1 Nc4 32.Rb1 Rb8 33.Bb2 h4 34.Nxf5 gxf5 35.Rc1 hxg3+ 36.Kh1 Ke7
37.Bxc4 dxc4 38.Rxc4 Qxc4 39.Qd6+ Kf7 40.Qd7+ Kg6 {#R} 0-1

[Event "ch-ROU 2017"]
[Site "masterchessopen.com Calimanesti-Caciulata ROU"]
[Date "2017.03.26"]
[Round "2.35"]
[White "Fluerariu,R"]
[Black "Marchidan,Costica"]
[Result "1-0"]
[WhiteElo "2030"]
[BlackElo "1718"]

1.e4 c5 2.c3 g6 3.d4 cxd4 4.cxd4 Bg7 5.Nc3 d6 6.h3 Nf6 7.Nf3 O-O 8.Be2 a6
9.Be3 Nc6 10.O-O b5 11.a3 Bb7 12.Rc1 Rc8 13.Bd3 Na5 14.Nd2 Nd7 15.Qe2 Nc6
16.Nb3 e5 17.dxe5 dxe5 18.Rfd1 Nd4 19.Bxd4 exd4 20.Na2 Qe7 21.f3 Qe5 22.Na5
Rxc1 23.Rxc1 Ba8 24.Nb4 Bh6 25.Rc2 Be3+ 26.Kh1 Qg3 27.Qf1 Ne5 28.Be2 g5 29.Nd3
Nxd3 30.Bxd3 Bf4 31.Qg1 g4 32.Be2 Be3 33.Qf1 f5 34.exf5 Bf4 35.Qg1 d3 36.Bxd3
Bxf3 37.gxf3 Qxf3+ 38.Qg2 Qd1+ 39.Qf1 Qxf1+ 40.Bxf1 Rxf5 41.hxg4 {#r} 1-0

[Event "ch-ROU w 2017"]
[Site "masterchessopen.com Calimanesti-Caciulata ROU"]
[Date "2017.03.26"]
[Round "2.5"]
[White "Cristocea,Gabriela"]
[Black "Sandu,Mi"]
[Result "0-1"]
[WhiteElo "1498"]
[BlackElo "2261"]

1.d4 Nf6 2.c4 c5 3.d5 e6 4.Nc3 exd5 5.Nxd5 Nxd5 6.cxd5 g6 7.e4 Bg7 8.Bd3 O-O
9.Ne2 d6 10.O-O Nd7 11.Nc3 Ne5 12.Bf4 a6 13.a4 f5 14.Qd2 Nxd3 15.Qxd3 fxe4
16.Qxe4 Bf5 17.Qe3 Qb6 18.Qc1 Bd3 19.Rd1 c4 20.Be3 Qc7 21.a5 Qf7 22.Na4 Rae8
23.Nb6 Rxe3 24.Qxe3 Re8 25.Qf3 Qxf3 26.gxf3 Re2 27.Re1 Rxb2 28.Rac1 Bd4 29.Kh1
Bxf2 30.Re8+ Kf7 31.Rc8 Be2 32.Rc7+ Kf6 33.Nd7+ Kf5 34.h3 Bxf3+ 35.Kh2 Bh4+
36.Kg1 Rg2+ 37.Kf1 Rh2 {#R} 0-1

[Event "ch-ROU w 2017"]
[Site "masterchessopen.com Calimanesti-Caciulata ROU"]
[Date "2017.03.26"]
[Round "2.7"]
[White "Jakab,Kincso"]
[Black "Panainte,Andreea-Bianca"]
[Result "1-0"]
[WhiteElo "1973"]
[BlackElo "1850"]

1.d4 d5 2.Bf4 Nf6 3.Nf3 Bf5 4.e3 e6 5.c4 c5 6.Nc3 cxd4 7.Nxd4 Bg6 8.cxd5 Nxd5
9.Bb5+ Nd7 10.Nxd5 exd5 11.O-O a6 12.Bxd7+ Qxd7 13.Rc1 Rc8 14.Qf3 Be4 15.Qh5
Be7 16.Rxc8+ Qxc8 17.f3 Bg6 18.Qxd5 O-O 19.Qa5 Bd8 20.Qb4 Bf6 21.e4 a5 22.Qd2
Qc5 23.Be3 Rd8 24.Rd1 h6 25.g3 Bh5 26.Kg2 Be5 27.Qf2 Qc4 28.b3 Qa6 29.Rd2 Bg6
30.Nc6 Rxd2 31.Ne7+ Kh7 32.Qxd2 Bd6 33.Nxg6 fxg6 34.Kf2 Bb4 35.Qd5 Qf6 36.Bd4
Qa6 37.Qf7 {#r} 1-0

[Event "ch-ROU w 2017"]
[Site "masterchessopen.com Calimanesti-Caciulata ROU"]
[Date "2017.03.26"]
[Round "2.8"]
[White "Aciu,Malina-Andreea"]
[Black "Balan,Briana-Cleopatra"]
[Result "1-0"]
[WhiteElo "1893"]
[BlackElo "1806"]

1.e4 d5 2.exd5 Qxd5 3.Nc3 Qd6 4.d4 c6 5.Nge2 Nf6 6.Bf4 Qd8 7.Ng3 Nbd7 8.Be2 g6
9.O-O Bg7 10.Qd2 O-O 11.Bh6 Nb6 12.Bxg7 Kxg7 13.Rad1 Nbd5 14.Nce4 Nxe4 15.Nxe4
Bf5 16.Ng3 Be6 17.f4 f6 18.c4 Nb6 19.b3 Qc7 20.Qe3 Bf7 21.Bd3 a5 22.a4 Rad8
23.Bc2 Rfe8 24.Ne4 Nd7 25.Rf3 b6 26.f5 Rg8 27.Rh3 g5 28.Re1 c5 29.Nxg5 fxg5
30.Qxg5+ Kh8 31.Rxh7+ Kxh7 32.f6+ Rg6 33.Bxg6+ Bxg6 34.Rxe7+ Kh8 35.Qh6+ {#r}
1-0

[Event "ch-ROU w 2017"]
[Site "masterchessopen.com Calimanesti-Caciulata ROU"]
[Date "2017.03.26"]
[Round "2.10"]
[White "Didiliuc,Dariana-Gabriela"]
[Black "Porcoleanu,D"]
[Result "1-0"]
[WhiteElo "1876"]
[BlackElo "1584"]

1.d4 Nf6 2.c4 e6 3.Nc3 Bb4 4.Qc2 d5 5.cxd5 exd5 6.Bg5 c6 7.e3 Nbd7 8.Bd3 h6
9.Bh4 Qa5 10.Ne2 O-O 11.O-O Bd6 12.Rae1 Qc7 13.Bg3 Re8 14.Nb5 cxb5 15.Qxc7
Bxc7 16.Bxc7 a6 17.Ng3 Nf8 18.Rc1 Be6 19.Rc2 Rec8 20.Rfc1 Ng6 21.f3 Ne7 22.a3
Nc6 23.Bf4 Na5 24.Bf5 Rxc2 25.Rxc2 Nc6 26.Bd3 Ne8 27.Ne2 Rc8 28.b4 Ne7 29.e4
Rxc2 30.Bxc2 Nc6 31.Be3 Kf8 32.Nc3 Ne7 33.a4 dxe4 34.fxe4 bxa4 35.Nxa4 Nc6
36.d5 Nxb4 37.Bc5+ Kg8 38.Bxb4 Bc8 39.Nb6 Bg4 40.d6 Nf6 41.Ba4 {#r} 1-0

[Event "March Lviv Tradition IMA"]
[Site "masterchessopen.com Lviv UKR"]
[Date "2017.03.26"]
[Round "9.2"]
[White "Bondarets,V"]
[Black "Bykovskiy,Oleg"]
[Result "0-1"]
[WhiteElo "2266"]
[BlackElo "2332"]

1.Nf3 Nf6 2.c4 c5 3.Nc3 d5 4.cxd5 Nxd5 5.d4 Nxc3 6.bxc3 g6 7.d5 Bg7 8.Qb3 O-O
9.e4 Nd7 10.Be3 Nf6 11.Bd3 Qc7 12.O-O c4 13.Bxc4 Nxe4 14.Nd4 Bd7 15.Rfc1 Be5
16.h3 Bh2+ 17.Kf1 Bf4 18.Rc2 Bxe3 19.fxe3 Qh2 20.Nf3 Qg3 21.Kg1 Bxh3 22.Rf1
Bf5 23.Rcc1 Rac8 24.Qb4 a5 25.Qa4 Bh3 26.Rc2 b5 27.Bxb5 Nxc3 28.Qb3 Nxb5 {#R}
0-1

[Event "NH Closed 2017"]
[Site "masterchessopen.com Manchester USA"]
[Date "2017.03.26"]
[Round "4"]
[White "Terrie,H"]
[Black "Welling,Aashish"]
[Result "0-1"]
[WhiteElo "1990"]
[BlackElo "1993"]
[EventType "tourn"]

1.Nf3 Nf6 2.g3 g6 3.Bg2 Bg7 4.c4 O-O 5.O-O d6 6.d4 c6 7.Nc3 Qa5 8.e4 Bg4 9.h3
Bxf3 10.Bxf3 e5 11.d5 cxd5 12.cxd5 b5 13.Qe2 a6 14.Bd2 Qc7 15.Rfc1 Qb7 16.b4
Nbd7 17.a4 bxa4 18.Nxa4 Rfc8 19.Bg2 Ne8 20.Qd1 Nb6 21.Nc5 dxc5 22.bxc5 Nxd5
23.exd5 e4 24.c6 Qe7 25.Rab1 Nd6 26.Be3 Be5 27.Bc5 f5 28.Rb7 Rc7 29.Rcb1 Qd8
30.Bb6 Nxb7 31.cxb7 Rb8 32.Bxc7 Bxc7 33.Qb3 Qd6 34.Bf1 Kf8 35.Qb4 a5 36.Qxd6+
Bxd6 37.Ba6 Ke7 38.Rc1 a4 39.Bb5 a3 40.Bc6 Be5 {#R} 0-1

[Event "TCh-AUT 2nd Mitte 2016-17"]
[Site "masterchessopen.com Austria AUT"]
[Date "2017.03.26"]
[Round "11.1"]
[White "Schnider,G"]
[Black "Rolletschek,H"]
[Result "1-0"]
[WhiteElo "2403"]
[BlackElo "2136"]
[EventType "team"]

1.e4 e5 2.Nf3 Nc6 3.Bb5 a6 4.Ba4 d6 5.c3 Bd7 6.O-O g6 7.d4 Bg7 8.Re1 Nge7
9.Be3 O-O 10.Nbd2 h6 11.dxe5 Nxe5 12.Nxe5 dxe5 13.Bb3 Nc6 14.a4 a5 15.Bd5 Qe7
16.Qb3 Nd8 17.Nc4 Be6 18.Rad1 Kh7 19.Rd2 Bxd5 20.Rxd5 b6 21.Red1 Qe6 22.f3 Nb7
23.Rd7 Rac8 24.Qb5 Rfd8 25.Rxd8 Rxd8 26.Rxd8 Nxd8 27.Qd5 Qe7 28.g3 h5 29.Kg2
f6 30.f4 exf4 31.gxf4 Bh6 32.f5 Bxe3 33.fxg6+ Kxg6 34.Nxe3 c6 35.Qg8+ {#r} 1-0

[Event "TCh-AUT 2nd Mitte 2016-17"]
[Site "masterchessopen.com Austria AUT"]
[Date "2017.03.26"]
[Round "11.1"]
[White "Mittermayr,G"]
[Black "Mikanovic,S"]
[Result "0-1"]
[WhiteElo "2116"]
[BlackElo "2226"]
[EventType "team"]

1.e4 d5 2.exd5 Qxd5 3.Nc3 Qd6 4.d4 Nf6 5.Bc4 a6 6.Nf3 b5 7.Bb3 Bb7 8.Ne5 e6
9.Bf4 Qb6 10.d5 Bc5 11.Qe2 O-O 12.dxe6 fxe6 13.O-O-O Bxf2 14.Rhf1 Bd4 15.Rxd4
Qxd4 16.Bxe6+ Kh8 17.Nf7+ Rxf7 18.Be5 Qc5 19.Bxf7 Nbd7 20.Bg3 Rf8 21.Bb3 Qg5+
22.Kb1 c5 23.Be6 Re8 24.Bd6 b4 25.Nd1 Bd5 26.Bf4 Qg6 {#R} 0-1

[Event "TCh-AUT 2nd Mitte 2016-17"]
[Site "masterchessopen.com Austria AUT"]
[Date "2017.03.26"]
[Round "11.1"]
[White "Kravanja,Georg"]
[Black "Haas,Michael2"]
[Result "1-0"]
[WhiteElo "2215"]
[BlackElo "2028"]
[EventType "team"]

1.d4 d5 2.c4 e6 3.Nf3 Nf6 4.g3 dxc4 5.Bg2 Bb4+ 6.Bd2 a5 7.Nc3 c6 8.O-O b5 9.a4
Bxc3 10.bxc3 O-O 11.Ne5 Nd5 12.f4 f6 13.Nf3 Nd7 14.e4 Nc7 15.g4 Qe7 16.g5 Rd8
17.Qe1 bxa4 18.Qg3 Nb5 19.gxf6 Nxf6 20.Ne5 Bb7 21.f5 exf5 22.Rxf5 Nd6 23.Rxf6
Qxf6 24.Bg5 Qe6 25.Bxd8 Rxd8 26.Rxa4 Qh6 27.Ra1 a4 28.Bf1 Nxe4 29.Bxc4+ Kf8
30.Rf1+ Nf6 31.Nf7 {#r} 1-0

[Event "TCh-AUT 2nd Mitte 2016-17"]
[Site "masterchessopen.com Austria AUT"]
[Date "2017.03.26"]
[Round "11.2"]
[White "Singer,C"]
[Black "Rieger,R"]
[Result "1-0"]
[WhiteElo "2254"]
[BlackElo "2287"]
[EventType "team"]

1.e4 c5 2.Nf3 Nc6 3.Bb5 e6 4.O-O Nge7 5.c3 a6 6.Be2 d5 7.exd5 Nxd5 8.d4 cxd4
9.Nxd4 Bd6 10.Nxc6 bxc6 11.Bf3 Qc7 12.g3 O-O 13.Nd2 Rd8 14.Nc4 Bf8 15.Qa4 a5
16.Re1 Ba6 17.Ne5 Rac8 18.c4 Nb4 19.Bf4 Qb6 20.a3 Nd3 21.Nxd3 Rxd3 22.Be4 Rd7
23.Be3 Qxb2 24.Bxc6 Rd3 25.c5 Rxe3 26.fxe3 Bxc5 27.Bf3 Bxe3+ 28.Kh1 Qf2 29.Qe4
Rc2 30.Re2 {#r} 1-0

[Event "TCh-AUT 2nd Mitte 2016-17"]
[Site "masterchessopen.com Austria AUT"]
[Date "2017.03.26"]
[Round "11.3"]
[White "Fahrner,K"]
[Black "Weiss,C"]
[Result "0-1"]
[WhiteElo "2268"]
[BlackElo "2361"]
[EventType "team"]

1.Nf3 e6 2.g3 b5 3.e4 Bb7 4.Qe2 c5 5.Bg2 a6 6.b3 d6 7.a4 b4 8.O-O Nf6 9.d3 Be7
10.Nbd2 d5 11.exd5 Bxd5 12.Bb2 Nbd7 13.Rae1 h6 14.Nc4 O-O 15.Ne3 Bb7 16.Nf5
Re8 17.Nxe7+ Qxe7 18.Ne5 Nxe5 19.Qxe5 Rad8 20.Qf4 Nd5 21.Qe4 Qd6 22.Qg4 f6
23.Re2 Re7 24.Rfe1 Rde8 25.h4 Kf7 26.h5 Nc7 27.Qg6+ Kf8 28.Re4 Bxe4 {#R} 0-1

[Event "TCh-AUT 2nd Mitte 2016-17"]
[Site "masterchessopen.com Austria AUT"]
[Date "2017.03.26"]
[Round "11.3"]
[White "Ebner,H"]
[Black "Ennsberger,U"]
[Result "1-0"]
[WhiteElo "2237"]
[BlackElo "2285"]
[EventType "team"]

1.Nf3 b5 2.e4 Bb7 3.d3 c5 4.g3 Nf6 5.Bg2 e6 6.O-O d6 7.Nbd2 Be7 8.a4 a6 9.b3
O-O 10.Bb2 Nbd7 11.Re1 Qc7 12.e5 dxe5 13.Nxe5 Bxg2 14.Nxd7 Nxd7 15.Kxg2 Bf6
16.Bxf6 Nxf6 17.Qf3 b4 18.Nc4 Rad8 19.Re5 Rd4 20.Rae1 h6 21.h3 Rfd8 22.R1e2
Nd5 23.Re1 Ne7 24.R5e2 R4d5 25.Ne3 R5d7 26.Qf4 Qb7+ 27.Qe4 Nc6 28.Nc4 Rd5
29.f3 Qc7 30.Rf2 Rg5 31.f4 Rgd5 32.Nd2 Nd4 33.Nf3 Nf5 34.Rfe2 Nd4 35.Nxd4 cxd4
36.Rd2 Rc5 37.Ree2 Rdd5 38.Kh2 g6 39.Rg2 {#r} 1-0

[Event "TCh-AUT 2nd Mitte 2016-17"]
[Site "masterchessopen.com Austria AUT"]
[Date "2017.03.26"]
[Round "11.4"]
[White "Wertjanz,Dav"]
[Black "Poetz,F"]
[Result "0-1"]
[WhiteElo "2332"]
[BlackElo "2384"]
[EventType "team"]

1.e4 c5 2.Nf3 e6 3.Be2 Nc6 4.O-O Nf6 5.Nc3 d5 6.exd5 Nxd5 7.Bb5 Ne7 8.Ne5 Bd7
9.Ne4 Nf5 10.Bxc6 Bxc6 11.Nxc6 bxc6 12.Qf3 Nd4 13.Qd3 Be7 14.b3 O-O 15.Bb2 Qd5
16.Rfe1 Rfd8 17.Qg3 a5 18.a4 c4 19.Ba3 Qd7 20.Rac1 Nf5 21.Qg4 h5 22.Qxh5 Bxa3
{#R} 0-1

[Event "TCh-AUT 2nd Mitte 2016-17"]
[Site "masterchessopen.com Austria AUT"]
[Date "2017.03.26"]
[Round "11.5"]
[White "Reichmann,E"]
[Black "Schmidt,Pe1"]
[Result "0-1"]
[WhiteElo "2267"]
[BlackElo "2388"]
[EventType "team"]

1.e4 d6 2.d4 Nf6 3.Nc3 g6 4.Nge2 Bg7 5.g3 O-O 6.Bg2 Nbd7 7.h3 Rb8 8.a4 c5
9.Be3 b6 10.O-O a6 11.g4 Bb7 12.d5 b5 13.axb5 axb5 14.Nxb5 Bxd5 15.Nbc3 Bc6
16.Ra6 Bb7 17.Ra2 Ne5 18.b3 Nc6 19.Nd5 Nxd5 20.exd5 Ne5 21.Qd2 Ra8 22.Rxa8
Qxa8 23.f4 Nd7 24.g5 e6 25.Rd1 exd5 26.Bxd5 Bxd5 27.Qxd5 Bd4 28.Rxd4 cxd4
29.Qxd4 Rc8 30.c3 Qf3 31.Nc1 Re8 32.Bd2 Nc5 33.c4 Ne4 34.Qe3 Qd1+ {#R} 0-1

[Event "TCh-AUT 2nd Mitte 2016-17"]
[Site "masterchessopen.com Austria AUT"]
[Date "2017.03.26"]
[Round "11.5"]
[White "Hellmayr,A"]
[Black "Kerschbaumer,Johannes"]
[Result "1-0"]
[WhiteElo "2252"]
[BlackElo "2058"]
[EventType "team"]

1.Nf3 Nf6 2.g3 d5 3.Bg2 c5 4.O-O Nc6 5.d4 cxd4 6.Nxd4 e5 7.Nxc6 bxc6 8.c4 Bb7
9.cxd5 Nxd5 10.Qa4 Nb6 11.Bxc6+ Bxc6 12.Qxc6+ Qd7 13.Qe4 Qd5 14.Qf5 Rd8 15.Nc3
Qa5 16.Bg5 Be7 17.Bxe7 Kxe7 18.Qg5+ Ke6 19.Qxg7 Qb4 20.Rad1 Rdg8 21.Qh6+ Rg6
22.Qd2 h5 23.a3 Qe7 24.Nd5 Qb7 25.Nxb6 axb6 26.f4 {#r} 1-0

[Event "TCh-AUT 2nd Mitte 2016-17"]
[Site "masterchessopen.com Austria AUT"]
[Date "2017.03.26"]
[Round "11.6"]
[White "Wegerer,F"]
[Black "Horvath,P1"]
[Result "0-1"]
[WhiteElo "2081"]
[BlackElo "2423"]
[EventType "team"]

1.Nf3 d5 2.c4 e6 3.d4 Nf6 4.Nc3 Bb4 5.Bg5 h6 6.Bxf6 Qxf6 7.Qa4+ Nc6 8.Ne5 Bd7
9.Nxc6 Bxc3+ 10.bxc3 Bxc6 11.Qb4 dxc4 12.e3 O-O-O 13.Qxc4 e5 14.Rb1 exd4
15.cxd4 Qf5 16.Bd3 Qg5 17.Rg1 Bd5 18.Qc2 Rhe8 19.h3 Rd6 20.Qe2 Kb8 21.Bb5 c6
22.Bd3 Rf6 23.Kd2 Bxg2 24.h4 Qa5+ 25.Kc1 Bf3 {#R} 0-1

[Event "TCh-AUT 2nd Mitte 2016-17"]
[Site "masterchessopen.com Austria AUT"]
[Date "2017.03.26"]
[Round "11.6"]
[White "Manhardt,T"]
[Black "Dietmayer Kraeutler,M"]
[Result "0-1"]
[WhiteElo "2210"]
[BlackElo "2281"]
[EventType "team"]

1.e4 e5 2.Nf3 Nc6 3.d4 exd4 4.Nxd4 Bc5 5.Nb3 Bb6 6.Nc3 d6 7.a4 a6 8.Nd5 Ba7
9.Qe2 Nge7 10.Be3 O-O 11.O-O-O b5 12.a5 Nxd5 13.exd5 Bxe3+ 14.Qxe3 Re8 15.Qc3
Ne5 16.Kb1 Ng4 17.Qd2 Bb7 18.h3 Nf6 19.c4 Qd7 20.Qc2 Rab8 21.Bd3 bxc4 22.Bxc4
Qa4 23.Rd4 Bc8 24.g4 Bd7 25.Rhd1 Rb4 26.R1d3 Re1+ 27.Nc1 Qxa5 28.Qc3 Ra4
29.Qxa5 Rxa5 30.b4 Ra4 31.Bb3 Ra3 32.Kb2 Rxb3+ 33.Rxb3 h5 34.g5 Ne4 35.h4 Nxf2
36.Rc3 Nd1+ 37.Rxd1 Rxd1 38.Rxc7 Bb5 39.Rc8+ Kh7 40.Nb3 Rxd5 41.Rd8 Kg6 42.Kc3
Rd3+ 43.Kc2 Kf5 44.Rb8 Rd5 45.Rb7 Kg4 46.Rxf7 g6 {#R} 0-1

[Event "TCh-BEL 2016-17"]
[Site "masterchessopen.com Belgium BEL"]
[Date "2017.03.26"]
[Round "10.4"]
[White "Beeckmans,F"]
[Black "Hopman,P"]
[Result "0-1"]
[WhiteElo "2320"]
[BlackElo "2354"]

1.c4 e5 2.Nc3 d6 3.g3 f5 4.d4 Be7 5.Bg2 Nf6 6.Nf3 e4 7.Ng5 c6 8.Nh3 Nbd7 9.d5
Nb6 10.b3 cxd5 11.a4 dxc4 12.a5 Nbd7 13.f3 cxb3 14.fxe4 Nxe4 15.Bb2 Bf6
16.Bxe4 fxe4 17.Nxe4 O-O 18.Qxb3+ Kh8 19.Nxf6 Nxf6 20.Ng5 Qe7 21.O-O Bd7
22.Rf4 Rae8 23.e4 Be6 24.Qf3 Bg8 25.Rf1 h6 26.Rh4 Nh7 {#R} 0-1